Básně. Výběr /
Původní LP album DM 15096 "Fráňa Šrámek Básně. Výběr" vydal Supraphon v roce 1960 - nyní titul s ukázkami básní Splav, Dívka a čtyřlístek, Čtrnáctiletý, Svatba, Dívka, Raport, Píšou mi psaní a dalšími v podání nezapomenutelných herců a recitátorů Dany Medřické, Václava Vosky a Zdeňka Štěpá...
Uloženo v:
| Hlavní autor: | |
|---|---|
| Další autoři: | , , |
| Médium: | E-audiokniha |
| Vydáno: |
Praha :
Supraphon a.s.,
2022
|
| Tagy: |
Žádné tagy |
| LEADER | 02167nim a22004697i 4500 | ||
|---|---|---|---|
| 001 | 313330 | ||
| 007 | sr nunnnnnnned | ||
| 024 | |a 099925025328 | ||
| 044 | |a xr | ||
| 100 | 1 | |a Šrámek, Fráňa |4 aut | |
| 245 | 1 | 0 | |a Básně. Výběr / |c Šrámek, Fráňa |
| 264 | 1 | |a Praha : |b Supraphon a.s., |c 2022 | |
| 300 | |a 1 online zdroj (27 min., 27 sek.) | ||
| 336 | |a mluvené slovo |b spw |2 rdacontent | ||
| 337 | |a audio |b s |2 rdamedia | ||
| 338 | |a online zdroj |b cr |2 rdacarrier | ||
| 505 | 0 | 0 | |t Splav (2 min., 0 sek.) |
| 505 | 0 | 0 | |t Dívka a čtyřlístek (1 min., 23 sek.) |
| 505 | 0 | 0 | |t Vřes (0 min., 44 sek.) |
| 505 | 0 | 0 | |t Dívka (0 min., 49 sek.) |
| 505 | 0 | 0 | |t Čtrnáctiletý (1 min., 6 sek.) |
| 505 | 0 | 0 | |t Stíny (1 min., 43 sek.) |
| 505 | 0 | 0 | |t Svatba (1 min., 4 sek.) |
| 505 | 0 | 0 | |t Advent (1 min., 31 sek.) |
| 505 | 0 | 0 | |t Roubenka (2 min., 11 sek.) |
| 505 | 0 | 0 | |t Pohádka (1 min., 12 sek.) |
| 505 | 0 | 0 | |t Dítě si hraje (1 min., 6 sek.) |
| 505 | 0 | 0 | |t Jarní poutník (1 min., 23 sek.) |
| 505 | 0 | 0 | |t Strach z lásky (0 min., 40 sek.) |
| 505 | 0 | 0 | |t Písecká (2 min., 50 sek.) |
| 505 | 0 | 0 | |t Zmýlená (0 min., 55 sek.) |
| 505 | 0 | 0 | |t Píšou mi psaní (1 min., 25 sek.) |
| 505 | 0 | 0 | |t Raport (3 min., 40 sek.) |
| 505 | 0 | 0 | |t Větře, prapory hrej (1 min., 51 sek.) |
| 520 | 2 | |a Původní LP album DM 15096 "Fráňa Šrámek Básně. Výběr" vydal Supraphon v roce 1960 - nyní titul s ukázkami básní Splav, Dívka a čtyřlístek, Čtrnáctiletý, Svatba, Dívka, Raport, Píšou mi psaní a dalšími v podání nezapomenutelných herců a recitátorů Dany Medřické, Václava Vosky a Zdeňka Štěpánka vychází poprvé digitálně. FRÁŇA ŠRÁMEK (*19.1.1877 – 1.7.1952) | |
| 700 | 1 | |a Medřická, Dana |4 nrt | |
| 700 | 1 | |a Voska, Václav |4 nrt | |
| 700 | 1 | |a Štěpánek, Zdeněk |4 nrt | |
| 910 | |a RBIT002 | ||
| 998 | |d 403241 |a https://core.palmknihy.cz/api/books/403241/cover?sc3poa |b https://core.palmknihy.cz/api/books/403241/cover/400?sc3poa |c https://core.palmknihy.cz/api/books/403241/cover/50?sc3poa |e 2099-01-01 |i 099925025328 |l 1647 |q 49 |r 1 |s https://www.palmknihy.cz/kniha/403241 |t audiobook |y 2022 |z 1 | ||
| 999 | |d 313328 | ||